000 00579nam a2200157 4500
001 138964
003 ES-MaACL
005 20230906195656.0
007 t|
008 070214s1951 fr r ||||1| fre d
100 1 _aSaporta, Marcello.
_9103726
245 1 2 _aL'utilisation des oeuvres cinematographiques par la televisión
_b: (suggestions en vue d'un `pooling agreement`) : rapport présenté au comité international de la radio du film et du disque /
_cMarcello Saporta.
260 _aParis :
_b[s.n.],
_c1951.
300 _a23 p. ;
_c27 cm.
852 _aES-MaACL
_j1913-F-20
999 _c138964
_d138964